00290 a2200109 4500001000700000020000600007040001100013100003200024240006000056245005500116362000900171165513 a  cMagnum aValente, Jose Armando (Org)10aComputadores e conhecimento: repensando a educacaolpor10aComputadores e conhecimento: repensando a educacao0 a1899